Real estate (Record no. 107412)
[ view plain ]
| 000 -LEADER | |
|---|---|
| fixed length control field | 01389cam a22002655a 4500 |
| 001 - CONTROL NUMBER | |
| control field | L140056 |
| 008 - FIXED-LENGTH DATA ELEMENTS--GENERAL INFORMATION | |
| fixed length control field | 020426s2007 xxk f 001 0 eng u |
| 020 ## - INTERNATIONAL STANDARD BOOK NUMBER | |
| International Standard Book Number | 1841408042 |
| 035 ## - SYSTEM CONTROL NUMBER | |
| System control number | (Sirsi) u140056 |
| 041 ## - LANGUAGE CODE | |
| Language code of text/sound track or separate title | eng |
| 050 ## - LIBRARY OF CONGRESS CALL NUMBER | |
| Classification number | 657.833 $2 18 |
| 100 ## - MAIN ENTRY--PERSONAL NAME | |
| Personal name | Beddy, M. |
| 245 ## - TITLE STATEMENT | |
| Title | Real estate |
| Remainder of title | an industry accounting and auditing guide |
| 250 ## - EDITION STATEMENT | |
| Edition statement | 7th ed. |
| 260 ## - PUBLICATION, DISTRIBUTION, ETC. | |
| Place of publication, distribution, etc. | Kingston upon Thames |
| Name of publisher, distributor, etc. | Croner |
| Date of publication, distribution, etc. | 2007 |
| 300 ## - PHYSICAL DESCRIPTION | |
| Extent | ix, 200p. |
| Dimensions | 24cm. |
| 350 ## - PRICE (NR) (BK AM CF MU VM SE) [OBSOLETE] | |
| Price | 78 |
| 520 ## - SUMMARY, ETC. | |
| Summary, etc. | Covers the significant aspects of accounting, auditing and financial reporting for the real estate industry. Considers the current concerns and issues facing the industry and looks at all the latest financial reporting standards affecting real estate. Discusses the accounting treatment and disclosure of the principal assets in the balance sheet, and considers profit and loss items and reporting performance. Examines the impact of International Financial Reporting Standards, highlighting differences with US GAAP accounting policies. Also covers ownership structures and business combinations. Contains a chapter on property valuations based upon the latest RICS professional guidance. |
| 520 ## - SUMMARY, ETC. | |
| Summary, etc. | Supercedes sixth edition. |
| 590 ## - LOCAL NOTE (RLIN) | |
| Local note | KA |
| 651 #4 - SUBJECT ADDED ENTRY--GEOGRAPHIC NAME | |
| Geographic name | United Kingdom |
| Chronological subdivision | |
| 690 ## - LOCAL SUBJECT ADDED ENTRY--TOPICAL TERM (OCLC, RLIN) | |
| Topical term or geographic name as entry element | MANAGEMENT-BUSINESS MANAGEMENT-FINANCIAL MANAGEMENT-ACCOUNTING |
| 700 ## - ADDED ENTRY--PERSONAL NAME | |
| Personal name | Muschamp, R. |
| 942 ## - ADDED ENTRY ELEMENTS (KOHA) | |
| Suppress in OPAC | 0 |
| Withdrawn status | Lost status | Source of classification or shelving scheme | Damaged status | Not for loan | Home library | Current library | Shelving location | Date acquired | Cost, normal purchase price | Total Checkouts | Full call number | Barcode | Date last seen | Date last checked out | Copy number | Cost, replacement price | Price effective from | Koha item type |
|---|---|---|---|---|---|---|---|---|---|---|---|---|---|---|---|---|---|---|
| Dewey Decimal Classification | London | London | Books | 10/09/2007 | 78.00 | 8 | 657.833 BED | 30074200 | 06/08/2019 | 08/01/2009 | 2 | 78.00 | 06/08/2019 | Book |